000
00269nam a2200121Ia 4500
008
220216s9999 xx 000 0 und d
245
0
_a
Tyre care and safety
260
_b
Facts For You
_c
2003
300
_a
28-29
650
_a
Tyre
650
_a
Tyre care
942
_c
JS
999
_c
71636
_d
71636